Disney Park Lands Quiz Stats

 Plays Quiz not verified by Sporcle

Score 0/65 Timer 10:00
0 Plays Today
Park Land % Correct
Disneyland ParkFantasyland
99%
Disneyland ParkTomorrowland
99%
Magic KingdomFantasyland
99%
Magic KingdomTomorrowland
99%
Tokyo DisneylandFantasyland
99%
Tokyo DisneylandTomorrowland
99%
Parc DisneylandFantasyland
99%
Hong Kong DisneylandFantasyland
99%
Hong Kong DisneylandTomorrowland
99%
Disneyland ParkMain Street, U.S.A.
97.9%
Magic KingdomMain Street U.S.A.
97.9%
Parc DisneylandMain Street, U.S.A.
97.9%
Hong Kong DisneylandMain Street, U.S.A.
97.9%
Disneyland ParkAdventureland
96.9%
Disneyland ParkFrontierland
96.9%
Magic KingdomAdventureland
96.9%
Magic KingdomFrontierland
96.9%
Tokyo DisneylandAdventureland
96.9%
Parc DisneylandFrontierland
96.9%
Parc DisneylandAdventureland
96.9%
Hong Kong DisneylandAdventureland
96.9%
Hong Kong DisneylandGrizzly Gulch
96.9%
EPCOTWorld Showcase
88.5%
Disneyland ParkMickey's Toontown
84.4%
Disney's Animal KingdomAfrica
84.4%
Disney's Animal KingdomAsia
84.4%
Tokyo DisneylandToontown
84.4%
Magic KingdomLiberty Square
83.3%
EPCOTFuture World
83.3%
Disneyland ParkCritter Country
82.3%
Tokyo DisneylandCritter Country
82.3%
Disney's Animal KingdomDinoland, U.S.A.
81.3%
Disneyland ParkNew Orleans Square
76%
Park Land % Correct
Disney California AdventureParadise Pier
74%
Disney's Hollywood StudiosSunset Boulevard
70.8%
Disney's Animal KingdomDiscovery Island
69.8%
Disney California Adventurea bug's land
66.7%
Disney's Hollywood StudiosHollywood Boulevard
66.7%
Disney's Hollywood StudiosPixar Place
64.6%
Disney's Animal KingdomThe Oasis
64.6%
Disney's Animal KingdomCamp Minnie-Mickey
63.5%
Disney California AdventureGrizzly Peak
58.3%
Disney's Hollywood StudiosEcho Lake
58.3%
Disney's Animal KingdomRafiki's Planet Watch
58.3%
Disney's Hollywood StudiosAnimation Courtyard
57.3%
Disney's Hollywood StudiosStreets of America
56.3%
Parc DisneylandDiscoveryland
55.2%
Disney California AdventureHollywood Land
54.2%
Hong Kong DisneylandToy Story Land
51%
Disney California AdventureCondor Flats
49%
Disney California AdventureBuena Vista Street
47.9%
Walt Disney StudiosBacklot
43.8%
Disney California AdventurePacific Wharf
40.6%
Tokyo DisneylandWorld Bazaar
39.6%
Tokyo DisneySeaAmerican Waterfront
39.6%
Walt Disney StudiosToon Studio
38.5%
Tokyo DisneylandWesternland
37.5%
Tokyo DisneySeaMermaid Lagoon
36.5%
Tokyo DisneySeaMysterious Island
35.4%
Tokyo DisneySeaArabian Coast
35.4%
Tokyo DisneySeaMediterranean Harbor
33.3%
Tokyo DisneySeaLost River Delta
33.3%
Tokyo DisneySeaPort Discovery
32.3%
Walt Disney StudiosFront Lot
31.3%
Walt Disney StudiosProduction Courtyard
30.2%

You're not logged in!

Compare scores with friends on all Sporcle quizzes.
OR
Log In

Show Comments

Extras

Created Feb 22, 2012ReportNominate
Tags:Disney Quiz, land, park, worldwide

Top Quizzes Today


Score Distribution

Your Account Isn't Verified!

In order to create a playlist on Sporcle, you need to verify the email address you used during registration. Go to your Sporcle Settings to finish the process.

Report this User

Report this user for behavior that violates our Community Guidelines.

Details: